Rubber (Hevea brasiliensis) cinnamon (Cinnamomum verum) intercropping system: Performance under standard inter row spacings of rubber (Record no. 67403)

MARC details
000 -LEADER
fixed length control field 01731nam a2200193Ia 4500
100 ## - MAIN ENTRY--AUTHOR NAME
Personal name Pathiratna L S S
245 #0 - TITLE STATEMENT
Title Rubber (Hevea brasiliensis) cinnamon (Cinnamomum verum) intercropping system: Performance under standard inter row spacings of rubber
260 ## - PUBLICATION, DISTRIBUTION, ETC. (IMPRINT)
Name of publisher Natural Rubber Research
Year of publication 2005
300 ## - PHYSICAL DESCRIPTION
Number of Pages 105-112
520 ## - SUMMARY, ETC.
Summary, etc The possibility of intercropping cinnamon (Cinnamomum verum) with rubber (Hevea brasiliensis) planted with the standard inter row spacing of 8.1m was examined. Measurements of light availability and root length density of both the crops in the inter row space and the cinnamon bark yield and its components were recorded for eight years. PAR transmission from the rubber canopy into the middle of the inter row was reduced to 20.6 per cent by eighth year. The length density of fine roots (RLD in cm/1000 cm3) of rubber in the inter row increased from 6.4 in the third year to 175.8 in the eighth year in intercropped plots while those of control plots increased from 77.7 to 138.5 RLD of cinnamon in intercropped plots decreased from 51.8 in the third year to 33.5 in the eighth year. Length per stick, weight and bark yield of cinnamon also declined. The reduction in bark yield of cinnamon per bush was 70.5 per cent by the eighth year. The dry matter content of bark was highest (9.36;) when level was about 60 per cent. Adverse effects of poor light availability and competition from rubber on cinnamon at this spacing by fifth year were evident.
650 ## - SUBJECT ADDED ENTRY--TOPICAL TERM
Topical Term Cinnamomum verum
650 ## - SUBJECT ADDED ENTRY--TOPICAL TERM
Topical Term Intercropping
650 ## - SUBJECT ADDED ENTRY--TOPICAL TERM
Topical Term Root length density
650 ## - SUBJECT ADDED ENTRY--TOPICAL TERM
Topical Term Shade
650 ## - SUBJECT ADDED ENTRY--TOPICAL TERM
Topical Term Yield components
700 ## - ADDED ENTRY--PERSONAL NAME
Personal name Perera M K P
942 ## - ADDED ENTRY ELEMENTS (KOHA)
Koha item type Journals
Holdings
Withdrawn status Lost status Damaged status Not for loan Home library Current library Shelving location Date acquired Serial Enumeration / chronology Koha item type
      Journals RRII Library RRII Library Agronomy 20/09/2006 Volume 18, Issue 2 Journals